Escudos de Times de Futebol - Brasil - Região Nordeste - Nível HARD - Statistics

Estatísticas Gerais
  • Esse quiz foi jogado 88 vezes
  • A pontuação média é 32 de 70
Estatísticas das Respostas
Imagem Resposta % Correto
ASA de Arapiraca
91%
Íbis
88%
Ferroviário
85%
Sousa
85%
Icasa
84%
Retrô
84%
Salgueiro
81%
Globo
79%
Fluminense-PI
78%
Altos
76%
Fluminense de Feira
76%
Maranhão
75%
Bahia de Feira
74%
Juazeirense
71%
Lagarto
71%
Itabaiana
66%
Central
63%
Imperatriz
63%
Jacuipense
63%
Afogados
60%
Nacional de Patos
60%
Iguatu
53%
CSE
51%
Penedense
50%
Potiguar
50%
Coruripe
49%
Horizonte
49%
Santa Cruz-RN
49%
América-PE
47%
Atlético de Alagoinhas
47%
Guarany de Sobral
47%
Parnahyba
47%
Alecrim
46%
Guarani de Juazeiro
46%
Maguary
44%
Petrolina
44%
Galícia
43%
4 de Julho
40%
Baraúnas
40%
Auto Esporte
38%
Itabuna
38%
Tiradentes-CE
37%
Vitória da Conquista
37%
Vitória das Tabocas
37%
Ypiranga-BA
35%
Serra Branca
34%
Murici
32%
Porto de Caruaru
32%
América de Propiá
31%
Colo-Colo
31%
Tiradentes-PI
31%
Botafogo-BA
29%
CSP
28%
Vera Cruz
28%
ASSU
25%
Atlético Cajazeirense
25%
Estanciano
25%
Boca Júnior
24%
Freipaulistano
21%
CEO
19%
Comercial
19%
Cordino
18%
Dorense
18%
Itapipoca
16%
Leônico
16%
Ypiranga-PE
16%
Cotinguiba
15%
Pinheiro
15%
São Domingos
13%
Igaci
12%
Nenhum quiz correspondente encontrado
Distribuição das Pontuações
Porcentagem de Pessoas com Cada Pontuação
Percentil de Números Respondidos
Sua Pontuação Histórica
Você não jogou esse quiz